[Event "Novokuznetsk op"]
[Site "Novokuznetsk"]
[Date "2008.12.14"]
[Round "9"]
[White "Peshkov, Nikita"]
[Black "Bulakh, S."]
[Result "1/2-1/2"]
[WhiteElo "1986"]
[BlackElo "1999"]
[PlyCount "70"]
[EventDate "2008.11.22"]
[EventType "swiss"]
[EventRounds "9"]
[EventCountry "RUS"]
[SourceTitle "CBM 127 Extra"]
[Source "ChessBase"]
[SourceDate "2009.01.08"]
[SourceVersion "2"]
[SourceVersionDate "2009.01.28"]
[SourceQuality "1"]

1. e4 c5 2. Nc3 Nc6 3. Bb5 e6 4. d3 Qc7 5. Be3 a6 6. Bc4 Nf6 7. a4 Bd6 8. g3 Ne5 9. f4 Nxc4 10. dxc4 e5 11. f5 Be7 12. Nd5 Qc6 13. Nxf6+ Bxf6 14. Qd5 Qxd5 15. cxd5 d6 16. Nf3 h5 17. Nd2 Bd7 18. Nc4 Be7 19. a5 Rb8 20. Kd2 Bb5 21. Na3 Bd8 22. Nxb5 axb5 23. a6 b6 24. a7 Ra8 25. Ra6 b4 26. c3 bxc3+ 27. Kxc3 Kd7 28. Rb1 Kc8 29. b4 Kb7 30. Rba1 Re8 31. Kc4 Re7 32. bxc5 dxc5 33. Bg5 f6 34. Be3 Rf7 35. Kb5 Rd7 1/2-1/2

[Event "Novokuznetsk op"]
[Site "Novokuznetsk"]
[Date "2008.11.23"]
[Round "2"]
[White "Bulakh, S."]
[Black "Vladimirov, Mikhail"]
[Result "0-1"]
[WhiteElo "1999"]
[BlackElo "2159"]
[PlyCount "74"]
[EventDate "2008.11.22"]
[EventType "swiss"]
[EventRounds "9"]
[EventCountry "RUS"]
[SourceTitle "CBM 127 Extra"]
[Source "ChessBase"]
[SourceDate "2009.01.08"]
[SourceVersion "2"]
[SourceVersionDate "2009.01.28"]
[SourceQuality "1"]

1. e4 c5 2. Nf3 d6 3. d4 cxd4 4. Nxd4 Nf6 5. Nc3 a6 6. Be3 e5 7. Nb3 Be7 8. Be2 0-0 9. 0-0 Qc7 10. f4 b5 11. f5 Bb7 12. Nd5 Nxd5 13. exd5 Nd7 14. Qd2 Nf6 15. Bg5 Ne4 16. Qe3 Nxg5 17. h4 h6 18. hxg5 Bxg5 19. Qe4 Rfc8 20. Rf3 Qxc2 21. Bd3 Qc7 22. f6 gxf6 23. Raf1 Qb6+ 24. Kh1 Qd8 25. Rh3 Kf8 26. Rg3 a5 27. Qf3 a4 28. Rxg5 hxg5 29. Nd2 Rc5 30. Be4 Rac8 31. Rf2 Rc1+ 32. Kh2 Kg7 33. Kg3 a3 34. Qf5 Kf8 35. bxa3 R8c3+ 36. Nf3 Bc8 37. Qh7 g4 0-1

[Event "Ilichevsk Sunny Pawn op"]
[Site "Ilichevsk"]
[Date "2007.07.29"]
[Round "9"]
[White "Rjanova, Valery"]
[Black "Bulakh, S."]
[Result "1-0"]
[WhiteElo "1976"]
[BlackElo "1999"]
[PlyCount "53"]
[EventDate "2007.07.20"]
[EventType "swiss"]
[EventRounds "11"]
[EventCountry "UKR"]
[SourceTitle "CBM 119 Extra"]
[Source "ChessBase"]
[SourceDate "2007.09.04"]
[SourceVersion "1"]
[SourceVersionDate "2007.09.04"]
[SourceQuality "1"]

1. e4 e6 2. d4 d5 3. Nd2 Nf6 4. e5 Nfd7 5. Bd3 c5 6. c3 Nc6 7. Ne2 cxd4 8. cxd4 f6 9. Nf4 Nxd4 10. Qh5+ Ke7 11. exf6+ Nxf6 12. Ng6+ hxg6 13. Qxh8 Kf7 14. Qh4 e5 15. 0-0 Bf5 16. Bxf5 gxf5 17. Nf3 Nxf3+ 18. gxf3 g6 19. Bg5 Bg7 20. Rfe1 Qd6 21. Qa4 a6 22. Rac1 Rh8 23. Qc2 Ne8 24. Qc8 Qb4 25. Qd7+ Kf8 26. Red1 Qb6 27. Rc8 1-0

[Event "Ilichevsk Sunny Pawn op"]
[Site "Ilichevsk"]
[Date "2007.07.25"]
[Round "6"]
[White "Bulakh, S."]
[Black "Shilo, Evgenija"]
[Result "0-1"]
[WhiteElo "1999"]
[BlackElo "1996"]
[PlyCount "134"]
[EventDate "2007.07.20"]
[EventType "swiss"]
[EventRounds "11"]
[EventCountry "UKR"]
[SourceTitle "CBM 119 Extra"]
[Source "ChessBase"]
[SourceDate "2007.09.04"]
[SourceVersion "1"]
[SourceVersionDate "2007.09.04"]
[SourceQuality "1"]

1. g3 g6 2. Bg2 Bg7 3. Nf3 c5 4. d3 Nc6 5. 0-0 d5 6. Nbd2 e6 7. c3 Nge7 8. e4 b5 9. Re1 0-0 10. e5 Qc7 11. Qe2 Rb8 12. Nf1 d4 13. Bg5 dxc3 14. bxc3 Nd5 15. c4 bxc4 16. dxc4 Ba6 17. Qe4 Rb4 18. N1d2 h6 19. Be3 Nxe5 20. Nxe5 Bxe5 21. Bxh6 Bxa1 22. Bxf8 Bc3 23. Qd3 Bxc4 24. Nxc4 Bxe1 25. Bd6 Qc6 26. Be5 Qd7 27. a3 Ra4 28. Qb3 f6 29. Bb2 Kf7 30. Be4 Nb6 31. Qf3 Qd8 32. Ne5+ Kg7 33. Nxg6 Bxf2+ 34. Kg2 Bd4 35. Nf4 Kf7 36. Qh5+ Ke7 37. Qh7+ Kd6 38. Bc1 Nd5 39. Nxe6 Qe7 40. Qxe7+ Nxe7 41. Nxd4 Rxd4 42. Kf3 f5 43. Bf4+ Ke6 44. Bc2 Nd5 45. Bb8 Rd2 46. Ba4 Rd3+ 47. Ke2 Rxa3 48. Bc6 c4 49. h4 c3 50. Bxd5+ Kxd5 51. Kd3 a5 52. h5 Rb3 53. Bc7 Rb5 54. h6 c2 55. Bf4 Rc5 56. h7 Rc8 57. h8Q Rxh8 58. Kxc2 Kc4 59. Kb2 a4 60. Ka3 Kb5 61. Be5 Rd8 62. Bf4 Rd3+ 63. Ka2 a3 64. Ka1 Ka4 65. Ka2 Rf3 66. Be5 Rf2+ 67. Ka1 Kb3 0-1

[Event "Ilichevsk Sunny Pawn op"]
[Site "Ilichevsk"]
[Date "2007.07.23"]
[Round "4"]
[White "Bulakh, S."]
[Black "Demidiukov, Evgeniy"]
[Result "1-0"]
[WhiteElo "1999"]
[BlackElo "2126"]
[PlyCount "121"]
[EventDate "2007.07.20"]
[EventType "swiss"]
[EventRounds "11"]
[EventCountry "UKR"]
[SourceTitle "CBM 119 Extra"]
[Source "ChessBase"]
[SourceDate "2007.09.04"]
[SourceVersion "1"]
[SourceVersionDate "2007.09.04"]
[SourceQuality "1"]

1. g3 Nf6 2. Bg2 d5 3. Nf3 c6 4. 0-0 Bg4 5. d3 e6 6. b3 Be7 7. Bb2 0-0 8. Ne5 Bh5 9. Nd2 a5 10. a3 Nbd7 11. Ndf3 Bd6 12. Nxd7 Nxd7 13. c4 Qe7 14. Qd2 Rfd8 15. Rfe1 h6 16. Qc3 e5 17. cxd5 cxd5 18. Nh4 Qe6 19. b4 Nb6 20. Qb3 a4 21. Qa2 Be7 22. Nf3 f6 23. e4 Bf7 24. d4 Qd7 25. Qb1 dxe4 26. Qxe4 Bd5 27. Qe2 e4 28. Nh4 f5 29. Ng6 Bd6 30. Rac1 Rac8 31. Bh3 Qf7 32. Nh4 g6 33. Qb5 Nc4 34. Ba1 Kh7 35. Rc3 Be7 36. Ng2 Nd2 37. Rec1 Nf3+ 38. Kh1 Rxc3 39. Bxc3 Bc6 40. Qb6 Rd7 41. Ne3 Qa2 42. Rc2 Qb1+ 43. Bf1 Bg5 44. Rb2 Qc1 45. Rc2 Qxa3 46. Bb2 Qa2 47. Bc3 Qb3 48. Rc1 a3 49. Bc4 Qa4 50. d5 Bxe3 51. fxe3 g5 52. Qc5 a2 53. Qf8 Kg6 54. Qe8+ Kh7 55. Qe6 Bb5 56. Qxf5+ Kg8 57. Qg6+ Kf8 58. Qxh6+ Ke8 59. Qh8+ Ke7 60. Bf6+ Kd6 61. Qf8+ 1-0

[Event "Ilichevsk Sunny Pawn op"]
[Site "Ilichevsk"]
[Date "2007.07.21"]
[Round "2"]
[White "Bulakh, S."]
[Black "Klimets, Elena"]
[Result "1-0"]
[WhiteElo "1999"]
[BlackElo "2129"]
[PlyCount "77"]
[EventDate "2007.07.20"]
[EventType "swiss"]
[EventRounds "11"]
[EventCountry "UKR"]
[SourceTitle "CBM 119 Extra"]
[Source "ChessBase"]
[SourceDate "2007.09.04"]
[SourceVersion "1"]
[SourceVersionDate "2007.09.04"]
[SourceQuality "1"]

1. g3 d5 2. Bg2 c6 3. Nf3 Bg4 4. 0-0 Bxf3 5. Bxf3 e6 6. d3 Bd6 7. e4 Nd7 8. c3 Ne7 9. Bg2 Qb6 10. Qe2 dxe4 11. dxe4 h5 12. Be3 Bc5 13. Bxc5 Qxc5 14. b4 Qb6 15. Na3 Ne5 16. Rfd1 h4 17. Qd2 hxg3 18. hxg3 0-0 19. Qd4 N7g6 20. f4 Qa6 21. Nc2 Ng4 22. Bf3 e5 23. Qc5 b6 24. Qd6 Qc4 25. Bxg4 Rad8 26. Qxd8 Rxd8 27. Rxd8+ Kh7 28. Kf2 Nxf4 29. Rh1+ Kg6 30. gxf4 exf4 31. Rd6+ f6 32. Bf5+ Kg5 33. Ne1 Qxa2+ 34. Kf1 f3 35. Nxf3+ Kf4 36. Rh4+ Ke3 37. Rd2 Qa1+ 38. Kg2 Qxc3 39. e5 1-0